00434nam a22001577a 450000500170000001000170001702000250003403500170005903700250007608200100010110000250011124500540013626000340019027000330022430000190025720120628115244.0 aB-456412-416 a9788187981190c75.00 aB-456412-416 adplbAllied Pub /Ven a863.1 aTagore Rabindernath  aGitanjali song offering /cby Rabindernath Tagore aNew DelhibIndialog Pubc2002 aO-22 Lajpat NagarbNew Delhi avi,103pgc20cm